[Event "EU-ch02 blind "]
[Site "Krynica"]
[Date "1999.??.??"]
[Round "9"]
[White "Jatshyschin, Iwan"]
[Black "Gunajew, Rafal"]
[Result "0-1"]
[WhiteElo "1800"]
[BlackElo "2210"]

1.e4 c5 2.Nf3 d6 3.d4 cxd4 4.Nxd4 Nf6 5.Nc3 a6 6.Be3 e6 7.Qd2 Be7 8.f3 Qc7
9.g4 Nc6 10.g5 Nd7 11.O-O-O b5 12.h4 Bb7 13.h5 Nce5 14.Kb1 Nb6 15.b3 Rc8
16.Nce2 d5 17.f4 Ng4 18.e5 Nxe3 19.Qxe3 Bc6 20.Bh3 Bd7 21.Rd3 b4 22.Qg1 Bb5
23.Rd2 Bxe2 24.Nxe2 g6 25.Bg4 Bc5 26.Qg3 Ke7 27.Qd3 Nd7 28.Ng3 a5 29.Rdh2 Rhf8
30.hxg6 hxg6 31.Rh7 Bf2 32.Nf1 Nc5 33.Qxg6 Ke8 34.Qh5 Ne4 35.Bd1 Nc3+ 36.Kc1 Nxa2+
37.Kd2 Qc3+ 38.Ke2 Bd4  0-1

[Event "La Coruna op 10th"]
[Site "La Coruna"]
[Date "1999.??.??"]
[Round "6"]
[White "Garcia Carbo, Marcial"]
[Black "Saldano, Horacio"]
[Result "1/2-1/2"]
[WhiteElo "2340"]
[BlackElo "2320"]

1.e4 c5 2.Nf3 d6 3.d4 cxd4 4.Nxd4 Nf6 5.Nc3 a6 6.Be3 Ng4 7.Bg5 h6 8.Bh4 g5
9.Bg3 Bg7 10.Be2 Ne5 11.f3 Nbc6 12.Bf2 Be6 13.Nf5 Bxf5 14.exf5 b5 15.Nd5 Rb8
16.O-O Nd7 17.c3 O-O 18.h4 e6 19.fxe6 fxe6 20.hxg5 hxg5 21.f4 Nf6 22.Nxf6+ Rxf6
23.fxg5 Rf8 24.Qd2 Ne5 25.Bd4 Qe7 26.b3 Rxf1+ 27.Rxf1 Rf8 28.Qe3 Rxf1+ 29.Kxf1 Qf7+
30.Kg1 Qf5 31.Qh3 Qb1+ 32.Kh2 Kf7 33.g6+ Ke7 34.Qh4+ Ke8 35.Bh5 Qc2 36.Bb6 Nc6
37.Qf4 Qf5 38.Qxf5 exf5 39.Kg3 Be5+ 40.Kf3 Kf8 41.Bc7 Ke7 42.c4 bxc4 43.bxc4 Nd4+
44.Ke3 Ne6 45.Bb6 Nc5 46.Bd1 Kf6 47.Bc2 f4+ 48.Kf3 Ne6 49.Kg4 Kg7 50.Ba5 Kf6
51.Bd2 Bd4 52.Kf3 Be5 53.Bd3 Nc5 54.Be4 Ne6 55.Bb7 Nc5 56.Bc8 Kxg6 57.Bxf4 Bxf4
58.Kxf4 Kf6 59.g4 a5 60.g5+ Kg6 61.Bf5+ Kf7 62.Ke3 Na6 63.a3 Nc7 64.Kd4 Ke7
65.g6 Kf6 66.Be4 Kg7 67.Bc2  1/2-1/2

[Event "La Coruna op 10th"]
[Site "La Coruna"]
[Date "1999.??.??"]
[Round "9"]
[White "Perez, Rodney"]
[Black "Saldano, Horacio"]
[Result "1/2-1/2"]
[WhiteElo "2475"]
[BlackElo "2320"]

1.e4 c5 2.Nf3 d6 3.d4 cxd4 4.Nxd4 Nf6 5.Nc3 a6 6.Be3 e6 7.g4 h5 8.g5 Ng4
9.Bc1 Qb6 10.h3 Ne5 11.Be2 Nbc6 12.Nb3 Qc7 13.f4 Ng6 14.h4 d5  1/2-1/2

[Event "Lenk op"]
[Site "Lenk"]
[Date "1999.??.??"]
[Round "3"]
[White "Brendel, Oliver"]
[Black "Kaufmann, Werner"]
[Result "1-0"]
[WhiteElo "2404"]
[BlackElo "2297"]

1.e4 c5 2.Nf3 d6 3.d4 cxd4 4.Nxd4 Nf6 5.Nc3 a6 6.Be3 Qc7 7.f3 e5 8.Nb3 Be6
9.Qd2 Nbd7 10.g4 h6 11.O-O-O b5 12.Nd5 Bxd5 13.exd5 Be7 14.h4 Nb6 15.Bxb6 Qxb6
16.Na5 Rc8 17.Nc6 Qc5 18.Rh2 Nxd5 19.Nxe7 Nxe7 20.Qxd6 O-O 21.Qxc5 Rxc5 22.Rd7 Nd5
23.Rd2 Ne3 24.Bd3 Nc4 25.Re2 Rfc8 26.Ra7 Rd8 27.Rxa6 g6 28.b3 Nd6 29.Kb2 Kg7
30.a4 bxa4 31.Rxa4 f5 32.gxf5 Nxf5 33.h5 Nd4 34.Rg2 g5 35.Ra7+ Kf8 36.Ra6 Rc6
37.Rxc6 Nxc6 38.Be4 Nd4 39.Rd2 Rb8 40.Rd3 Ke7 41.Rc3 Kd6 42.Rc4 Rf8 43.b4 Rf4
44.Ba8 Rf8 45.Be4 Rf4 46.c3 Nxf3 47.Rc6+ Kd7 48.Bxf3 Rxf3 49.Rxh6 e4 50.Rg6 Rf2+
51.Kb3 Rg2 52.h6 Rh2 53.Rxg5 Rxh6 54.Re5 Rh4 55.Kc4 Kd6 56.Re8 Kd7 57.Ra8 Rh3
58.Ra2 Kd6 59.Re2 Ke5 60.b5 e3 61.Kd3 Kf4 62.c4 Rg3 63.b6 Rg1 64.Rxe3 Rd1+
65.Kc2  1-0

[Event "Cleopatra op"]
[Site "Mamaia"]
[Date "1999.??.??"]
[Round "5"]
[White "Iordachescu, Viorel"]
[Black "Marjanovic, Slavoljub"]
[Result "1/2-1/2"]
[WhiteElo "2539"]
[BlackElo "2451"]

1.e4 c5 2.Nf3 d6 3.d4 cxd4 4.Nxd4 Nf6 5.Nc3 a6 6.Be3 e5 7.Nb3 Be6 8.f3 Nbd7
9.Qd2 h5 10.f4 b5 11.f5 Bc4 12.a4 d5 13.exd5 Bb4 14.Bg5 Qc8 15.Bxf6 Nxf6
16.Bxc4 Qxc4 17.axb5 Nxd5 18.Na5 Qh4+ 19.g3 Qd4 20.Nc6 Bxc3 21.bxc3 Qe4+
22.Kf2 h4 23.Qd3 Nxc3 24.Qxc3 hxg3+ 25.Qxg3 Qxc2+ 26.Kf1 Rh5 27.Qxe5+ Kf8
28.h4 Re8 29.Qd6+ Kg8 30.Rh2 Qe4 31.Qd7 Kf8 32.Kg1 Qe3+ 33.Rf2 Qh6 34.Qd6+  1/2-1/2

[Event "Nigran op 13th"]
[Site "Nigran"]
[Date "1999.??.??"]
[Round "2"]
[White "Garcia Carbo, Marcial"]
[Black "Acuna Celada, Ivan"]
[Result "1-0"]
[WhiteElo "2340"]
[BlackElo "2050"]

1.e4 c5 2.Nf3 d6 3.d4 cxd4 4.Nxd4 Nf6 5.Nc3 a6 6.Be3 e5 7.Nb3 Be6 8.Qd2 Nbd7
9.f3 Be7 10.g4 Nb6 11.g5 Nfd7 12.O-O-O O-O 13.h4 Nc4 14.Bxc4 Bxc4 15.Nd5 Bxd5
16.Qxd5 Kh8 17.Na5 Qc7 18.Nxb7 Rac8 19.Rh2 Nb6 20.Bxb6 Qxb6 21.Nxd6 Bxd6
22.Qxd6 Qe3+ 23.Rhd2 Rfd8 24.Qxa6 Ra8 25.Kb1  1-0

[Event "Presov op"]
[Site "Presov"]
[Date "1999.??.??"]
[Round "2"]
[White "Incedi, Ales"]
[Black "Virostko, Petr"]
[Result "1-0"]
[WhiteElo "2050"]
[BlackElo "2253"]

1.e4 c5 2.Nf3 d6 3.d4 cxd4 4.Nxd4 Nf6 5.Nc3 a6 6.Be3 e6 7.Bc4 b5 8.Bd3 Bb7
9.a3 Be7 10.O-O O-O 11.f4 Nbd7 12.g4 Nc5 13.Qf3 Rc8 14.g5 Nfd7 15.Qh5 Re8
16.Rf3 g6 17.Qh4 h5 18.Raf1 Rc7 19.Rh3 Bf8 20.Be2 Bg7 21.Bxh5 gxh5 22.Qxh5 f6
23.b4 Nxe4 24.Qh7+ Kf8 25.Nxe4 Bxe4 26.Qxe4 e5 27.gxf6 Nxf6 28.fxe5 Rxe5
29.Qxe5  1-0

[Event "Mangini mem"]
[Site "Rio de Janeiro"]
[Date "1999.??.??"]
[Round "1"]
[White "Guimaraes, Wagner Peixoto"]
[Black "Manzi, Luiz Ant Bardaro"]
[Result "1-0"]
[WhiteElo "2245"]
[BlackElo "2150"]

1.e4 c5 2.Nf3 d6 3.d4 cxd4 4.Nxd4 Nf6 5.Nc3 a6 6.Be3 e6 7.g4 Nc6 8.g5 Nd7
9.h4 Nxd4 10.Qxd4 b6 11.O-O-O Bb7 12.f4 Qc7 13.Bh3 Rc8 14.Rhf1 d5 15.exd5 Bxd5
16.f5 Bc5 17.fxe6 Bxe6 18.Bxe6 Bxd4 19.Bxf7+ Kd8 20.Bxd4 Qc6 21.Bxg7 Kc7
22.Rfe1 Rhd8 23.Re7 Kb8 24.Be6 Qc5 25.Rexd7 Qe3+ 26.Kb1 Rxd7 27.Bxd7 Rc7
28.Bf6 b5 29.Bf5 b4 30.Rd8+ Kb7 31.Be4+ Rc6 32.Bxc6+ Kxc6 33.Nd1 Qe1 34.h5 Qf1
35.Rd3 a5 36.b3 h6 37.Bd8 hxg5 38.Bxg5 Qg1 39.Bc1  1-0

[Event "IGSP opA"]
[Site "Sao Caetano do Sul"]
[Date "1999.??.??"]
[Round "7"]
[White "De Holanda, Cleber"]
[Black "Cukier, Marcelo"]
[Result "1-0"]
[WhiteElo "2175"]
[BlackElo "2153"]

1.e4 c5 2.Nf3 d6 3.d4 cxd4 4.Nxd4 Nf6 5.Nc3 a6 6.Be3 e6 7.Be2 b5 8.a3 Bb7
9.f3 Nbd7 10.Qd2 Rc8 11.g4 Ne5 12.g5 Nfd7 13.f4 Nc4 14.Bxc4 Rxc4 15.f5 e5
16.Nde2 Nc5 17.Ng3 Qa5 18.b4 Rxb4 19.axb4 Qxa1+ 20.Ke2 Qa3 21.bxc5 Be7 22.f6 gxf6
23.Nf5 d5 24.Nxd5  1-0

[Event "Staufer-Open 11th"]
[Site "Schwaebisch Gmuend"]
[Date "1999.??.??"]
[Round "6"]
[White "Lindoerfer, Klaus"]
[Black "Kercher, Peter"]
[Result "1-0"]
[WhiteElo "2260"]
[BlackElo "2085"]

1.e4 c5 2.Nf3 d6 3.d4 cxd4 4.Nxd4 Nf6 5.Nc3 a6 6.Be3 e6 7.f3 Nbd7 8.g4 h6
9.Qd2 b5 10.Bd3 Bb7 11.a3 d5 12.exd5 Nxd5 13.Nxd5 Bxd5 14.O-O-O Be7 15.Rhf1 Nc5
16.Be2 Rc8 17.Kb1 O-O 18.h4 Qc7 19.g5 h5 20.Nf5 exf5 21.Qxd5 Ne4 22.Bd3 Rfd8
23.Qb3 Ng3 24.Rfe1 Bf8 25.g6 f4 26.gxf7+ Kh8 27.Bf2 Qc6 28.Bxg3 fxg3 29.Re5 Qxf3
30.Rf1 Qg4 31.Be2  1-0

[Event "Sportland-NRW-Cup"]
[Site "Senden"]
[Date "1999.??.??"]
[Round "1"]
[White "Kemper, Meinolf"]
[Black "Jugelt, Tobias"]
[Result "0-1"]
[WhiteElo "2105"]
[BlackElo "2400"]

1.e4 c5 2.Nf3 d6 3.d4 cxd4 4.Nxd4 Nf6 5.Nc3 a6 6.Be3 Ng4 7.Bg5 h6 8.Bh4 g5
9.Bg3 Bg7 10.Be2 h5 11.h3 h4 12.hxg4 hxg3 13.Rxh8+ Bxh8 14.fxg3 Qb6 15.Nb3 Be5
16.Qd3 Be6 17.O-O-O Nc6 18.Nd5 Bxd5 19.exd5 Nb4 20.Qh7 Qe3+ 21.Rd2 Rc8 22.Kb1 Kf8
23.Bd1 a5 24.Qf5 Rc7 25.a3 a4 26.Rf2 Bf6 27.axb4 axb3 28.c3 Rxc3 29.bxc3 Qxc3
30.Bxb3 Qxb3+ 31.Kc1 Qxb4 32.Kd1 Qb3+ 33.Rc2 b5 34.Qf3 Qa4 35.Kd2 b4 36.Rc8+ Kg7
37.Qd3 Qa2+ 38.Kd1 Qxg2 39.Rc4 Qb2 40.Rc8 b3 41.Rb8 Qa1+ 42.Ke2 b2 43.Qe4 Qg1
44.Qd3 Qg2+ 45.Kd1 Be5  0-1

[Event "Sportland-NRW-Cup"]
[Site "Senden"]
[Date "1999.??.??"]
[Round "7"]
[White "Balcerak, Jakob"]
[Black "Gutman, Lev"]
[Result "1-0"]
[WhiteElo "2330"]
[BlackElo "2470"]

1.e4 c5 2.Nf3 d6 3.d4 cxd4 4.Nxd4 Nf6 5.Nc3 a6 6.Be3 e5 7.Nb3 Be7 8.f3 O-O
9.Qd2 a5 10.Bb5 Be6 11.O-O Nbd7 12.Rfd1 Qc7 13.Qf2 Rfc8 14.Rd2 Bc4 15.Rad1 h6
16.Nc1 Qb8 17.N1e2 a4 18.Bxc4 Rxc4 19.b3 axb3 20.cxb3 Rc8 21.Nb5 d5 22.exd5 Bb4
23.Ng3 e4 24.Nxe4 Nxe4 25.fxe4 Bxd2 26.Qxd2 Qe5 27.Bf4 Qh5 28.Re1 Ra6 29.Nd6 Rca8
30.a4 Qg6 31.Nf5 Kh7 32.d6 Re8 33.Ne7 Qe6 34.Nd5 Rc8 35.Nc7 Qxb3 36.Nxa6 bxa6
37.a5 Rc5 38.Be3 Re5 39.Bd4 Re6 40.e5 Rg6 41.Bf2 Qb5 42.Bg3 Qa4 43.Qd5 Re6
44.Qd3+ Kg8 45.Qxa6 Re8 46.Qb7 Rb8 47.Qd5 Nf8 48.Rf1 Ne6 49.Qf3 Ng5 50.Qc3 Ne6
51.Bf2 Nf4 52.Qf3 Qc4 53.Bb6 Ng6 54.Qf5  1-0

[Event "Sevilla op"]
[Site "Sevilla"]
[Date "1999.??.??"]
[Round "7"]
[White "Magem Badals, Jorge"]
[Black "Kolev, Atanas"]
[Result "1/2-1/2"]
[WhiteElo "2540"]
[BlackElo "2550"]

1.e4 c5 2.Nf3 d6 3.d4 cxd4 4.Nxd4 Nf6 5.Nc3 a6 6.Be3 Ng4 7.Bg5 h6 8.Bh4 g5
9.Bg3 Bg7 10.Be2 h5 11.Nf5 Bxf5 12.exf5 h4 13.Bxg4 hxg3 14.fxg3 Bxc3+ 15.bxc3 Nc6
16.Rb1 Qa5  1/2-1/2

[Event "Sundsvall op"]
[Site "Sundsvall"]
[Date "1999.??.??"]
[Round "2"]
[White "Malmdin, Nils Ake"]
[Black "Stal, Carl Olof"]
[Result "1-0"]
[WhiteElo "2155"]
[BlackElo "1720"]

1.e4 c5 2.Nf3 d6 3.d4 cxd4 4.Nxd4 Nf6 5.Nc3 a6 6.Be3 e5 7.Nb3 Be6 8.Be2 Be7
9.O-O O-O 10.f4 Qc7 11.Bf3 Nbd7 12.f5 Bc4 13.Rf2 Rac8 14.g4 d5 15.exd5 e4
16.Bg2 Nb6 17.g5 Nfxd5 18.Bxb6 Nxb6 19.f6 e3 20.Rf3 Bc5 21.Nxc5 Qxc5 22.Qe1 Rfe8
23.Qh4 e2+ 24.Kh1 Qe5 25.Re1 Rcd8 26.Rh3 Qf5 27.g6 Qxg6 28.Rg3 Qxc2 29.Rxg7+ Kf8
30.Be4 Rxe4 31.Qxh7  1-0

[Event "SVK-chT 9899"]
[Site "SVK"]
[Date "1999.??.??"]
[Round "5"]
[White "Kalisky, Vladimir"]
[Black "Zavadsky, Peter"]
[Result "1-0"]
[WhiteElo "2245"]
[BlackElo "2245"]

1.e4 c5 2.Nf3 d6 3.d4 cxd4 4.Nxd4 Nf6 5.Nc3 a6 6.Be3 e6 7.Qd2 Nc6 8.f3 Be7
9.g4 h6 10.O-O-O Nxd4 11.Bxd4 e5 12.Be3 Be6 13.Rg1 Rc8 14.h4 Qa5 15.Kb1 b5
16.g5 hxg5 17.hxg5 Nd7 18.Nd5 Qxd2 19.Rxd2 Bd8 20.a4 Ba5 21.c3 bxa4 22.Bxa6 Rb8
23.Kc2 Nc5 24.Bxc5 dxc5 25.Be2 Bd8 26.Bc4 Rh5 27.g6 Kf8 28.gxf7 Bxf7 29.Ra1 Be8
30.Rg2 Rh3 31.f4 exf4 32.Nxf4 Bc6 33.Ne6+ Ke8 34.Nxg7+ Ke7 35.Bd5 Bxd5 36.exd5 Kd6
37.Ne6 Bf6 38.Rxa4 Rh5 39.Nf4 Rf5 40.Re2 Bg5 41.Ra6+ Kc7 42.Ne6+ Kd7 43.Nxc5+ Kc7
44.Rc6+ Kd8 45.Ne6+ Kd7 46.c4 Bf6 47.Nc5+ Kd8 48.Rd6+ Kc7 49.Rd7+ Kb6 50.b4 Be5
51.Re7 Bd6 52.R2e6 Rf2+ 53.Kd3 Rf3+ 54.Ke2 Rf2+ 55.Kxf2 Rf8+ 56.Ke3 Rf3+
57.Kd4 Rd3+ 58.Nxd3  1-0

[Event "SWZ-chT"]
[Site "SWZ"]
[Date "1999.??.??"]
[Round "1"]
[White "Jenni, Florian"]
[Black "Bucher, Denis"]
[Result "1/2-1/2"]
[WhiteElo "2394"]
[BlackElo "2249"]

1.e4 c5 2.Nf3 d6 3.d4 cxd4 4.Nxd4 Nf6 5.Nc3 a6 6.Be3 e5 7.Nb3 Be6 8.f3 Be7
9.Qd2 Nbd7 10.g4 h6 11.O-O-O b5 12.h4 Nb6 13.Qf2 Rb8 14.Kb1 b4 15.Bxb6 Qxb6
16.Qxb6 Rxb6 17.Nd5 Nxd5 18.exd5 Bd7 19.Bd3 h5 20.g5 f5 21.gxf6 Bxf6 22.Nd2 Ke7
23.Nc4 Rbb8 24.f4 exf4 25.Rde1+ Be5 26.Nxe5 dxe5 27.Rxe5+ Kd6 28.Rg5 Bb5
29.Bxb5 Rxb5 30.Rf5 Rxd5 31.Rxf4 Kc5 32.Rg1 Rg8 33.b3 g5 34.Rc4+ Kb5 35.hxg5 Rdxg5
36.Rxg5+ Rxg5 37.Rh4  1/2-1/2

[Event "SWZ-chT"]
[Site "SWZ"]
[Date "1999.??.??"]
[Round "4"]
[White "Sokolov, Andrei"]
[Black "King, Daniel J"]
[Result "1/2-1/2"]
[WhiteElo "2567"]
[BlackElo "2506"]

1.e4 c5 2.Nf3 d6 3.d4 cxd4 4.Nxd4 Nf6 5.Nc3 a6 6.Be3 Ng4 7.Bc1 Nf6 8.Be3 Ng4
9.Bg5 h6 10.Bh4 g5 11.Bg3 Bg7 12.Be2 h5 13.Bxg4 hxg4 14.Qd2 Nc6 15.Nxc6 bxc6
16.Na4 Be6 17.O-O Rb8 18.Rad1 Rb5 19.b3 Be5 20.c4 Bxg3 21.hxg3 Re5 22.Rfe1 Qa5
23.Qc2 c5 24.Nc3 f6 25.Re3 Kf7 26.Kf1 Rh2 27.Kg1 Rh7 28.Kf1 Rh2 29.Kg1 Rh7
30.Kf1  1/2-1/2

[Event "SWZ-chT"]
[Site "SWZ"]
[Date "1999.??.??"]
[Round "8"]
[White "Gallagher, Joseph G"]
[Black "King, Daniel J"]
[Result "1/2-1/2"]
[WhiteElo "2519"]
[BlackElo "2506"]

1.e4 c5 2.Nf3 d6 3.d4 cxd4 4.Nxd4 Nf6 5.Nc3 a6 6.Be3 e5 7.Nf3 Be7 8.Bc4 O-O
9.O-O Nc6 10.Bg5 Na5 11.Bb3 Be6 12.Bxf6 Bxf6 13.Nd5 Nxb3 14.axb3 Bg5 15.Qd3 Bh6
16.Rfd1 f5 17.Nc3 fxe4 18.Qxe4 Qe7 19.Nd5 Qf7 20.c4 Rae8 21.Ne3 Qc7 22.Nd5 Qc5
23.Ne3 Rf7 24.Qd3 Bxe3 25.Qxe3 Bg4 26.Ng5 Qxe3 27.fxe3 Rf5 28.Ne4 Bxd1 29.Nxd6 Rd8
30.Nxf5 Bxb3 31.c5 Rd2 32.Rf1 g6 33.Ne7+ Kg7 34.Rf2 Rd1+ 35.Rf1 Rd2 36.Rf2 Rd1+
37.Rf1 Rxf1+ 38.Kxf1 Kf7 39.c6 bxc6 40.Nxc6 Ke6 41.Ke2 Kd6 42.Nb4 a5 43.Nd3 Bd5
44.g3 Bc4 45.Kd2 Bxd3 46.Kxd3 Kd5 47.b3 h6 48.h3 h5 49.g4 h4 50.e4+ Kc5 51.g5 Kb4
52.Kc2 Kc5 53.Kd3 Kb4 54.Kc2  1/2-1/2

[Event "SWZ-chT"]
[Site "SWZ"]
[Date "1999.??.??"]
[Round "9"]
[White "Leib, Agripa"]
[Black "Belotti, Bruno"]
[Result "0-1"]
[WhiteElo "2210"]
[BlackElo "2441"]

1.e4 c5 2.Nf3 d6 3.d4 cxd4 4.Nxd4 Nf6 5.Nc3 a6 6.Be3 e6 7.a4 b6 8.Be2 Bb7
9.f3 Nbd7 10.O-O Be7 11.Bc4 Qc8 12.Ba2 O-O 13.Qe2 Re8 14.Kh1 Qc7 15.Rad1 Rac8
16.Qf2 Bf8 17.Rd2 Ne5 18.Nde2 Nfd7 19.Rfd1 Ba8 20.Bf4 Qb8 21.Nd4 Nc4 22.Bxc4 Rxc4
23.Nb3 Ne5 24.Nc1 Rcc8 25.Bxe5 dxe5 26.Nd3 Rc4 27.Ra1 Rd8 28.Rdd1 Rdc8 29.Rd2 Qc7
30.Qe2 h6 31.h3 Be7 32.Qf2 Bc6 33.h4 Be8 34.Re2 Rd8 35.Rd2 Rdd4 36.a5 bxa5
37.Ne2 Rd8 38.Nec1 a4 39.b3 axb3 40.cxb3 Rc3 41.Rd1 Bb5  0-1

[Event "Tampere op"]
[Site "Tampere"]
[Date "1999.??.??"]
[Round "6"]
[White "Kallio, Heikki"]
[Black "Gavrikov, Viktor"]
[Result "0-1"]
[WhiteElo "2352"]
[BlackElo "2532"]

1.e4 c5 2.Nf3 d6 3.d4 Nf6 4.Nc3 cxd4 5.Nxd4 a6 6.Be3 Nc6 7.Bc4 Ng4 8.Nxc6 bxc6
9.O-O Nxe3 10.fxe3 e6 11.Qf3 Qf6 12.Qh5 Qe7 13.Rad1 Ra7 14.Na4 Qc7 15.Qf3 h5
16.Bb3 h4 17.h3 g6 18.c4 Rh5 19.Nc3 Bg7 20.Ne2 a5 21.Nf4 Rh6 22.Ba4 Bxb2
23.e5 Bxe5 24.Bxc6+ Kf8 25.c5 d5 26.Nd3 Bg3 27.Bb5 Qe7 28.e4 Rh5 29.Kh1 Kg8
30.a4 Bb8 31.Nf4 dxe4 32.Qxe4 Bxf4 33.Qxf4 Rxc5 34.Qd2 Rac7 35.Qxa5 Bb7 36.Qe1 Qg5  0-1

[Event "POL-ch U20"]
[Site "Trzbinia"]
[Date "1999.??.??"]
[Round "?"]
[White "Antoniewski, Rafal"]
[Black "Jakubowski, Krzysztof"]
[Result "0-1"]
[WhiteElo "2431"]
[BlackElo "2291"]

1.e4 c5 2.Nf3 d6 3.d4 cxd4 4.Nxd4 Nf6 5.Nc3 a6 6.Be3 e5 7.Nb3 Be6 8.f3 Nbd7
9.Qd2 b5 10.a4 b4 11.Nd5 Bxd5 12.exd5 Qc7 13.a5 Qb7 14.Bc4 Be7 15.Ra4 Rb8
16.Qd3 O-O 17.Bd2 e4 18.fxe4 Ne5 19.Qe2 Qd7 20.Rxb4 Rxb4 21.Bxb4 Qa4 22.c3 Nfg4
23.Nc1 Qa1 24.O-O Nxc4 25.Qxc4 Ne3 26.Qa2 Qxa2 27.Nxa2 Nxf1 28.Kxf1 Re8 29.e5 dxe5
30.d6 Bg5 31.c4 f5 32.c5 Kf7 33.c6 Ke6 34.d7 Ra8 35.Nc3 Bd8 36.Bc5 Bxa5 37.Na4 Bd8
38.b4 Rb8 39.Ba7 Rxb4 40.Nc5+ Kd6 41.Nb7+ Kxc6 42.Nxd8+ Kxd7 43.Nf7 Ke6 44.Ng5+ Kd5
45.Nf3 a5  0-1

[Event "POL-ch U20"]
[Site "Trzbinia"]
[Date "1999.??.??"]
[Round "?"]
[White "Blehm, Pawel"]
[Black "Szelag, Marcin"]
[Result "1-0"]
[WhiteElo "2428"]
[BlackElo "2408"]

1.e4 c5 2.Nf3 d6 3.d4 cxd4 4.Nxd4 Nf6 5.Nc3 a6 6.Be3 e5 7.Nb3 Be6 8.f3 Be7
9.Qd2 O-O 10.O-O-O a5 11.Bb5 Na6 12.Kb1 Nc7 13.Bb6 Qc8 14.Bxa5 Bxb3 15.Bxc7 Bxa2+
16.Nxa2 Qxc7 17.Qc3 Qb6 18.Bc4 Ra4 19.Bb3 Ra5 20.Qc4 Rc5 21.Qa4 Rfc8 22.Rd3 d5
23.exd5 Ra5 24.Qh4 Rca8 25.d6 Bxd6 26.Rhd1 Be7 27.Qc4 Rf8 28.R3d2 Rc5 29.Qe2 Rfc8
30.g4 Qa5 31.f4 Bf8 32.g5 Ne8 33.f5 Qb6 34.Rd7 Nd6 35.Qh5 R8c7 36.g6  1-0

[Event "POL-ch U20"]
[Site "Trzbinia"]
[Date "1999.??.??"]
[Round "?"]
[White "Pinski, Jan"]
[Black "Antoniewski, Rafal"]
[Result "1-0"]
[WhiteElo "2346"]
[BlackElo "2431"]

1.e4 c5 2.Nf3 d6 3.d4 cxd4 4.Nxd4 Nf6 5.Nc3 a6 6.Be3 Ng4 7.Bg5 h6 8.Bh4 g5
9.Nf5 Bxf5 10.exf5 Nf6 11.Bg3 Qa5 12.Qf3 Nc6 13.O-O-O Bg7 14.Bc4 O-O 15.Bb3 Rac8
16.Kb1 Qc5 17.Nd5 Nxd5 18.Rxd5 Qb6 19.h4 Nb4 20.f6 exf6 21.Rxd6 Qb5 22.hxg5 fxg5
23.c3 Nc6 24.Rdxh6 Bxh6 25.Qf6 Qd3+ 26.Bc2 Bg7 27.Qxg5 Qxc2+ 28.Kxc2 Rfd8
29.Kb1 b5 30.Qf5 a5 31.Bd6  1-0

[Event "POL-ch U20"]
[Site "Trzbinia"]
[Date "1999.??.??"]
[Round "?"]
[White "Pinski, Jan"]
[Black "Szelag, Marcin"]
[Result "1/2-1/2"]
[WhiteElo "2346"]
[BlackElo "2408"]

1.e4 c5 2.Nf3 d6 3.d4 cxd4 4.Nxd4 Nf6 5.Nc3 a6 6.Be3 e5 7.Nb3 Be6 8.f3 Nc6
9.Qd2 d5 10.exd5 Nxd5 11.Nxd5 Qxd5 12.Qxd5 Bxd5 13.O-O-O O-O-O 14.Bd3 g6
15.Rhe1 Nb4 16.Bg5 Rd6 17.a3 Nxd3+ 18.Rxd3 Bxb3 19.Rxb3 f6 20.Bd2 Bg7 21.f4 Bh6
22.Rf3 Rhd8 23.Be3 Bxf4 24.Bxf4 exf4 25.Rxf4 Rd2 26.Rc4+ Kb8 27.b4 Rxg2 28.Re7 Rc8
29.Rxc8+ Kxc8 30.Rxh7 f5 31.h4 Rg3 32.Rf7 Rxa3 33.h5 gxh5 34.Rxf5 Rh3 35.Rf7 Rh4
36.c3 Rh2 37.Rh7 Kb8 38.Kb1 Ka7 39.Rh6 b6 40.Rh7+ Kb8 41.Kc1 a5 42.bxa5 bxa5
43.Kb1 a4 44.Ka1 h4 45.c4 h3 46.Kb1 a3 47.Ka1 Kc8 48.c5 Kd8 49.c6 Kc8 50.c7 Kb7
51.Kb1 Rb2+ 52.Ka1 Rh2 53.Kb1 Kc8 54.Ka1 a2 55.Rh8+ Kxc7 56.Rc8+ Kd6 57.Rc6+ Kd5
58.Rc5+ Ke4 59.Rc4+ Ke3 60.Rc3+ Kd2 61.Rd3+ Kc2 62.Rc3+ Kd1 63.Rd3+ Ke1 64.Re3+ Kf2
65.Rf3+ Kg2 66.Rg3+ Kh1 67.Rg1+  1/2-1/2

[Event "RUS-Cup"]
[Site "Tula "]
[Date "1999.??.??"]
[Round "9"]
[White "Lobzhanidze, Davit"]
[Black "Chuiko, Alexander"]
[Result "1-0"]
[WhiteElo "2452"]
[BlackElo "2318"]

1.e4 c5 2.Nf3 d6 3.d4 cxd4 4.Nxd4 Nf6 5.Nc3 a6 6.Be3 e6 7.f3 b5 8.Qd2 Bb7
9.O-O-O Nbd7 10.g4 h6 11.h4 b4 12.Na4 d5 13.Bh3 e5 14.g5 exd4 15.Bxd4 hxg5
16.hxg5 Rxh3 17.Rxh3 Ng8 18.exd5 Bxd5 19.Rh8 Ne7 20.Bxg7 Qa5 21.Qe3 Qxa4
22.Rxd5 Rc8 23.b3 Qc6 24.Rd2 Qg6 25.Qd4 Rxc2+ 26.Rxc2 Qxg5+ 27.Rd2  1-0

[Event "Keres mem op"]
[Site "Utrecht"]
[Date "1999.??.??"]
[Round "4"]
[White "Van Delft, Merijn"]
[Black "Van der Erf, Remco"]
[Result "1/2-1/2"]
[WhiteElo "2316"]
[BlackElo "2160"]

1.e4 c5 2.Nf3 d6 3.d4 cxd4 4.Nxd4 Nf6 5.Nc3 a6 6.Be3 e6 7.g4 Qa5 8.Bg2 Nc6
9.g5 Nd7 10.f4 Nxd4 11.Qxd4 b5 12.a3 Bb7 13.O-O e5 14.Qd1 exf4 15.Bxf4 Be7
16.Kh1 Qc7 17.Qh5 g6 18.Qh4 h6 19.Rad1 O-O-O 20.Qg3 hxg5 21.Bxd6 Bxd6 22.Rxd6 Rh7
23.Nd5 Bxd5 24.exd5 Kb8 25.Rff6 Rc8 26.Rxd7 Qxg3 27.Rb6+ Ka8 28.Rxa6+ Kb8
29.Rb6+ Ka8 30.d6+ Qxg2+ 31.Kxg2 Rxc2+ 32.Kf3 Rhxh2 33.Rd8+ Ka7 34.Rdb8 Rhf2+
35.Ke3 Rce2+ 36.Kd4 Rd2+ 37.Kc5 Rc2+ 38.Kb4  1/2-1/2

[Event "Valles Tancat 3th"]
[Site "Valles Tancat"]
[Date "1999.??.??"]
[Round "?"]
[White "Rahal, Michael"]
[Black "Baches Garcia, Guillermo"]
[Result "1/2-1/2"]
[WhiteElo "2395"]
[BlackElo "2285"]

1.e4 c5 2.Nf3 d6 3.d4 Nf6 4.Nc3 cxd4 5.Nxd4 a6 6.Be3 e5 7.Nf3 Be7 8.Bc4 O-O
9.O-O Be6 10.Bb3 Nc6 11.Qe2 Na5 12.Rfd1 Qc8 13.Bg5 Nxb3 14.cxb3 Qb8 15.Nd2 b5
16.Nf1 h6 17.Bxf6 Bxf6 18.Ne3 g6 19.Rd3 Ra7 20.Rad1 Rd7 21.Qd2 Rfd8 22.Ncd5 Bg5
23.Qa5 Kg7 24.Nb4 Qb7 25.Ned5 f5 26.exf5 gxf5 27.f4 exf4 28.h4 Bxh4 29.Nxf4 Bf7
30.Nbd5 Rc8 31.Qb4 Qa7+ 32.Kh1 Bg5 33.Nh3 Rc2 34.Rc3 Re2 35.Rg3 Bxd5 36.Rxd5 Re3
37.Rd3 Rxd3 38.Rxd3 Kh7 39.Nxg5+ hxg5 40.Qd2 Kg6 41.Rxd6+ Rxd6  1/2-1/2

[Event "FIN-ch"]
[Site "Vammala"]
[Date "1999.??.??"]
[Round "3"]
[White "Nouro, Mikael"]
[Black "Keskisarja, Teemu"]
[Result "1-0"]
[WhiteElo "2354"]
[BlackElo "2313"]

1.e4 c5 2.Nf3 d6 3.d4 cxd4 4.Nxd4 Nf6 5.Nc3 a6 6.Be3 e5 7.Nf3 Qc7 8.a4 Be7
9.Be2 O-O 10.O-O b6 11.Qd3 Bb7 12.Nh4 Re8 13.Nf5 Bf8 14.Rfd1 Nc6 15.Qc4 Rac8
16.Qb3 Nd4 17.Nxd4 exd4 18.Bxd4 Nxe4 19.Bxb6 Nxc3 20.Bxc7 Nxe2+ 21.Kf1 Rxc7
22.Re1 Rce7 23.Rxe2 Bxg2+ 24.Kxg2 Rxe2 25.Rd1 Be7 26.Rd3 Bf6 27.Rf3 R2e6
28.c3 h6 29.Qb7 d5 30.Qxd5 Be5 31.b4 Rg6+ 32.Kf1 Ree6 33.h3 Bh2 34.Re3 Rd6
35.Qa8+ Kh7 36.Ke2 Bf4 37.Re8 Rgf6 38.Rh8+ Kg6 39.Qe4+ Rf5 40.Re8 Rd2+ 41.Ke1 Kg5
42.b5 axb5 43.axb5 Rdd5 44.Qg2+ Kf6 45.c4 Rd6 46.Qe4 Be5 47.Ke2 Rd4 48.Qc6+ Kg5
49.b6 Rd6 50.Qg2+ Kf6 51.c5 Rd4 52.c6 Ra4 53.Qd5 Rb4 54.c7  1-0

[Event "Villa Martelli mt"]
[Site "Villa Martelli"]
[Date "1999.??.??"]
[Round "2"]
[White "Rodriguez, Andres URU"]
[Black "Vera, Reynaldo"]
[Result "0-1"]
[WhiteElo "2500"]
[BlackElo "2547"]

1.e4 c5 2.Nf3 d6 3.d4 cxd4 4.Nxd4 Nf6 5.Nc3 a6 6.Be3 Ng4 7.Bg5 h6 8.Bh4 g5
9.Bg3 Bg7 10.Qd2 Nc6 11.Nb3 b5 12.O-O-O Nge5 13.f3 Bd7 14.Bf2 Rb8 15.h4 g4
16.f4 Nc4 17.Bxc4 bxc4 18.Nd4 Qa5 19.Nxc6 Bxc3 20.Qxc3 Qxc3 21.Nxb8 Qb4 22.Bd4 Qxb8
23.Bxh8 f6 24.Bg7 c3 25.bxc3 Kf7 26.Bxh6 Qh8 27.g3 Qxh6 28.Rhf1 Qh8 29.Rd4 Qc8
30.Kd2 Bb5 31.Rf2 Qc5 32.a4 e5 33.fxe5 dxe5 34.Rf5 Bc6 35.a5 Qe7 36.Rc4 Bxe4
37.Rf1 Qd7+ 38.Kc1 Qb5 39.Rc7+ Ke6  0-1

[Event "JUG-chT"]
[Site "Vrnjacka Banja"]
[Date "1999.??.??"]
[Round "6"]
[White "Ivanovic, Bozidar"]
[Black "Sahovic, Dragutin"]
[Result "0-1"]
[WhiteElo "2518"]
[BlackElo "2362"]

1.e4 c5 2.Nf3 d6 3.d4 cxd4 4.Nxd4 Nf6 5.Nc3 a6 6.Be3 Ng4 7.Bg5 h6 8.Bc1 Nc6
9.h3 Nf6 10.Bc4 e6 11.Be3 Qc7 12.O-O Na5 13.Bd3 b5 14.Qe2 Bb7 15.f4 Be7 16.Bf2 Rc8
17.Rae1 O-O 18.e5 Nd5 19.Nxd5 Bxd5 20.b3 Rfe8 21.Qg4 Nb7 22.b4 dxe5 23.fxe5 Bxb4
24.Nxb5 Qe7 25.c3 axb5 26.cxb4 Bc4 27.Bh4 Qf8 28.Be4 Bxf1 29.Rxf1 Rc4 30.Rf4 Nd8
31.Bf6 Nc6 32.Qg3 Ne7 33.Rg4 Ng6 34.h4 h5 35.Rxg6 fxg6 36.Qxg6 Rxe4 37.Qxe4 Qf7
38.Bg5 Rc8 39.Be3 Rc4 40.Qa8+ Kh7 41.a4 Qf5 42.axb5 Rxb4  0-1

[Event "Hoogovens-C op"]
[Site "Wijk aan Zee"]
[Date "1999.??.??"]
[Round "1"]
[White "De Vilder, Hans"]
[Black "Bertholee, Rob"]
[Result "1-0"]
[WhiteElo "2185"]
[BlackElo "2410"]

1.e4 c5 2.Nf3 d6 3.d4 Nf6 4.Nc3 cxd4 5.Nxd4 a6 6.Be3 e6 7.g4 h5 8.g5 Ng4
9.Bc1 Nc6 10.h3 Nge5 11.Nb3 b5 12.f4 Nd7 13.Be3 Bb7 14.Qd2 Rc8 15.O-O-O Na5
16.Bd3 b4 17.Ne2 d5 18.Nxa5 Qxa5 19.Kb1 Nb8 20.e5 d4 21.Nxd4 Bxh1 22.Rxh1 Qd5
23.Rd1 g6 24.Qe2 Bc5 25.Nb5 Rd8 26.Nc7+  1-0

[Event "Hoogovens-C op"]
[Site "Wijk aan Zee"]
[Date "1999.??.??"]
[Round "3"]
[White "Doggers, Peter"]
[Black "Bertholee, Rob"]
[Result "0-1"]
[WhiteElo "2130"]
[BlackElo "2410"]

1.e4 c5 2.Nf3 d6 3.d4 cxd4 4.Nxd4 Nf6 5.Nc3 a6 6.Be3 Nbd7 7.f3 b5 8.Qd2 Bb7
9.g4 h6 10.h4 b4 11.Nce2 e5 12.Nf5 d5 13.exd5 Nxd5 14.Bf2 Qc7 15.Bg2 g6 16.Ne3 Nxe3
17.Bxe3 Nb6 18.O-O-O Nc4 19.Qd3 Bg7 20.Bc5 Nxb2 21.Qd6 Qxd6 22.Rxd6 Na4 23.Be3 Ke7
24.Rd3 Rhd8 25.Rxd8 Rxd8 26.h5 f5 27.g5 hxg5 28.hxg6 f4 29.Bd2 g4 30.Bxb4+ Kf6
31.Rf1 Rh8 32.Nxf4 exf4 33.fxg4 Bxg2 34.Rxf4+ Kxg6 35.Rf5 Nb2 36.Kd2 Be4
37.Rf1 Bh6+ 38.Kc3  0-1